[Event "Challenge"]
[Site "http://www.queenalice.com/game.php?id=1619614"]
[Date "2020.7.7"]
[Round "-"]
[White "literat108"]
[Black "Excsiu"]
[Result "1-0"]
[WhiteElo "1797"]
[BlackElo "1764"]

1. d4 d5 2. c4 dxc4 3. Nf3 b5 4. a4 c6 5. e3 e6 6. axb5 cxb5 7. b3 Bb4+ 8. Bd2
Bd6 9. bxc4 bxc4 10. Bxc4 Nf6 11. O-O O-O 12. Re1 Nc6 13. Qa4 Bd7 14. Qb3 Rb8
15. Qd1 Ng4 16. h3 Nf6 17. Nc3 e5 18. Nb5 Ne4 19. Nxd6 Nxd6 20. Bf1 e4 21. Ne5
Ra8 22. Nxd7 Qxd7 23. Qa4 Rfc8 24. Be2 Nf5 25. Ba6 Rcb8 26. Rec1 Nfe7 27. Bb5
Rc8 28. Rc5 Qd6 29. Rac1 Nd8 30. Rxc8 Nxc8 31. Bb4 Qg6 32. Ba6 Qe6 33. Bxc8 Qe8
34. Qxe8# 1-0

[Event "Eine Freundschaftspartie"]
[Site "http://www.queenalice.com/game.php?id=1620037"]
[Date "2020.7.12"]
[Round "-"]
[White "literat108"]
[Black "josebaron"]
[Result "1/2-1/2"]
[WhiteElo "1790"]
[BlackElo "2446"]

1. d4 d5 2. c4 dxc4 3. e3 Nf6 4. Nf3 e6 5. Bxc4 Be7 6. Qc2 O-O 7. O-O c5 8. dxc5
Qa5 9. Qe2 Qxc5 10. b3 Nc6 11. Ba3 Qa5 12. Bxe7 Nxe7 13. a3 Bd7 14. Qb2 Rac8 15.
Nbd2 Rfd8 16. Rfc1 Qb6 17. Nd4 Nf5 18. Nxf5 exf5 19. Be2 Be6 20. Rxc8 Rxc8 21.
Rc1 Rxc1+ 22. Qxc1 a5 23. h3 h6 24. Qc3 Ne4 25. Nxe4 fxe4 26. b4 axb4 27. axb4
Qc6 28. Qxc6 bxc6 29. f3 exf3 30. Bxf3 Bd7 31. Kf2 Kf8 32. Ke2 Ke7 33. Kd3 Kd6
34. Kd4 Be6 35. Be2 Bd7 36. Bf3 f6 37. Be2 Be6 1/2-1/2

[Event "السنه متعصبين"]
[Site "http://www.queenalice.com/game.php?id=1620791"]
[Date "2020.7.18"]
[Round "-"]
[White "literat108"]
[Black "zubarev"]
[Result "1-0"]
[WhiteElo "1790"]
[BlackElo "1725"]

1. d4 d5 2. c4 Nf6 3. Nf3 e6 4. Nc3 Bb4 5. Bg5 Nbd7 6. e3 Be7 7. Qc2 O-O 8.
O-O-O Ne8 9. Bxe7 Qxe7 10. cxd5 Nb6 11. Bd3 Nxd5 12. Nxd5 exd5 13. Bxh7+ Kh8 14.
Bd3 Nf6 15. Kb1 Be6 16. Ng5 Ne4 17. Nxe4 g6 18. Nc3 Kg7 19. Ne2 c6 20. Nf4 Rac8
21. h4 b6 22. g4 Bxg4 23. Rdg1 a5 24. Rxg4 Rh8 25. Bxg6 fxg6 26. Qxg6+ Kf8 27.
Ne6+ Qxe6 28. Qxe6 c5 29. Rf4+ Kg7 30. Rg1+ Kh7 31. Rf7# 1-0

[Event "Chi Vea gaming"]
[Site "http://www.queenalice.com/game.php?id=1620866"]
[Date "2020.7.19"]
[Round "-"]
[White "literat108"]
[Black "zubarev"]
[Result "1-0"]
[WhiteElo "1874"]
[BlackElo "1699"]

1. e4 e5 2. Nf3 Nc6 3. Bb5 d6 4. O-O Bd7 5. c3 Be7 6. Ba4 Nf6 7. d3 O-O 8. Re1
a6 9. h3 Nb8 10. Bc2 Nc6 11. Nbd2 Be6 12. a3 d5 13. exd5 Nxd5 14. Nxe5 Nxe5 15.
Rxe5 Bd6 16. Re1 c6 17. Nf3 Qc7 18. d4 Nf4 19. Ng5 h6 20. Bxf4 Bxf4 21. Nxe6
fxe6 22. Rxe6 Bg5 23. Qd3 Qf4 24. Qh7+ Kf7 25. Rae1 Bf6 26. Bg6# 1-0

[Event "Challenge"]
[Site "http://www.queenalice.com/game.php?id=1649725"]
[Date "2021.4.14"]
[Round "-"]
[White "kryspin43"]
[Black "literat108"]
[Result "0-1"]
[WhiteElo "2074"]
[BlackElo "1843"]

1. c4 c5 2. Nc3 Nc6 3. Nf3 Nf6 4. g3 g6 5. Bg2 Bg7 6. O-O O-O 7. e3 d5 8. cxd5
Nxd5 9. d4 cxd4 10. Nxd4 Nxc3 11. bxc3 Qc7 12. Ba3 Bd7 13. Nb5 Qc8 14. Rc1 Rd8
15. Nd4 Bf6 16. Qe2 Rb8 17. Nxc6 Bxc6 18. e4 Qc7 19. h4 Rd7 20. Qe3 b6 21. Rfe1
Qe5 22. Red1 Rbd8 23. Rxd7 Rxd7 24. c4 Bg7 25. c5 b5 26. Bb4 Qb2 27. e5 Bxg2 28.
Kxg2 Qxb4 29. e6 Rc7 30. c6 Bf6 31. exf7+ Kxf7 32. h5 Kg7 33. h6+ Kf7 34. a3 Qb2
35. Qc5 Bd4 36. Qd5+ e6 37. Qf3+ Ke7 38. Re1 e5 39. Kh3 a6 40. Kg2 Qc2 41. Kh2
Qxf2+ 42. Qxf2 Bxf2 43. Rxe5+ Kd6 44. Re2 Bc5 45. Rd2+ Kxc6 46. Rc2 Kb6 47. Rc3
Bg1+ 48. Kxg1 Rxc3 0-1

[Event "Challenge"]
[Site "http://www.queenalice.com/game.php?id=1769265"]
[Date "2021.9.9"]
[Round "-"]
[White "rviana"]
[Black "literat108"]
[Result "0-1"]
[WhiteElo "1982"]
[BlackElo "1913"]

1. d4 d5 2. Nf3 c5 3. e3 Nf6 4. dxc5 e6 5. Bd3 Bxc5 6. O-O Nc6 7. Nbd2 O-O 8. c3
e5 9. e4 Be6 10. Qc2 Rc8 11. h3 h6 12. Nb3 Bb6 13. a3 dxe4 14. Bxe4 Nxe4 15.
Qxe4 Bxb3 16. Be3 Bc7 17. Nh4 Qf6 18. Nf5 Na5 19. Bc5 Rfe8 20. Rfe1 b6 21. Bb4
Nc4 22. Re2 a5 0-1

[Event "Challenge"]
[Site "http://www.queenalice.com/game.php?id=1791920"]
[Date "2022.7.2"]
[Round "-"]
[White "digger"]
[Black "literat108"]
[Result "0-1"]
[WhiteElo "1574"]
[BlackElo "1995"]

1. d4 g6 2. e4 Bg7 3. c3 a6 4. Na3 Nf6 5. e5 Nd5 6. Qf3 c6 7. c4 Nc7 8. Bf4 O-O
9. c5 Nd5 10. Bd2 f6 11. Qe4 b5 12. b4 fxe5 13. dxe5 d6 14. Rd1 Bxe5 15. Nc2 Bf5
16. Qe2 Bxc2 17. Rc1 Bf5 18. Bg5 Nxb4 19. Rd1 Nc2+ 20. Kd2 Qa5+ 21. Kc1 Qa3+ 22.
Kd2 Bc3# 0-1

[Event "Challenge"]
[Site "http://www.queenalice.com/game.php?id=1791921"]
[Date "2022.7.2"]
[Round "-"]
[White "literat108"]
[Black "digger"]
[Result "1-0"]
[WhiteElo "1995"]
[BlackElo "1566"]

1. g3 d5 2. Bg2 c6 3. Nf3 Bg4 4. O-O Qd6 5. d4 Nf6 6. Ne5 Bf5 7. c4 dxc4 8. Nxc4
Qd7 9. Nc3 b5 10. Ne5 Qc7 11. Nxb5 Qb6 12. Nc3 Nbd7 13. Na4 Qa6 14. Nc5 Nxc5 15.
Bxc6+ Kd8 16. dxc5+ Kc8 17. Bxa8 Be6 18. Bg5 h6 19. c6 hxg5 20. Bb7+ Qxb7 21.
cxb7+ Kxb7 22. Qa4 g6 23. Qb5+ Kc7 24. Rac1+ Kd8 25. Qb8+ Bc8 26. Qxc8# 1-0

[Event "Old Man’s Challenge"]
[Site "http://www.queenalice.com/game.php?id=1792579"]
[Date "2022.7.15"]
[Round "-"]
[White "literat108"]
[Black "FLeicher"]
[Result "1-0"]
[WhiteElo "1995"]
[BlackElo "1933"]

1. g3 d5 2. Nf3 Nf6 3. Bg2 Bf5 4. O-O Nc6 5. d4 e6 6. c4 Be7 7. Nc3 a6 8. Nh4
Bg4 9. h3 Bh5 10. g4 Bg6 11. Nxg6 hxg6 12. g5 Nh5 13. cxd5 exd5 14. Nxd5 Bd6 15.
e4 Qd7 16. Re1 O-O-O 17. a3 f6 18. Be3 Rde8 19. Qb3 Be7 20. Nxe7+ Rxe7 21. d5
Ne5 22. f4 Nf7 23. Rac1 Ree8 24. Rxc7+ Qxc7 25. Rc1 Qxc1+ 26. Bxc1 Nd6 27. e5
fxg5 28. fxg5 Kb8 29. e6 Re7 30. Qb4 Nc8 31. d6 1-0

[Event "Sring Is almost here"]
[Site "http://www.queenalice.com/game.php?id=1833082"]
[Date "2024.3.9"]
[Round "-"]
[White "johnrbrown"]
[Black "literat108"]
[Result "0-1"]
[WhiteElo "2097"]
[BlackElo "2019"]

1. d4 c6 2. e4 d5 3. e5 Bf5 4. g4 Be4 5. f3 Bg6 6. h4 h5 7. g5 e6 8. Bd3 Nd7 9.
Bxg6 fxg6 10. Nc3 Bb4 11. Ne2 Ne7 12. Qd3 Nf5 13. Bd2 c5 14. dxc5 a6 15. Nc1
Nxe5 16. Qe2 Nd4 17. Qd1 Ndxf3+ 18. Ke2 O-O 19. Rf1 Qc7 20. Nxd5 Nd4+ 21. Ke1
Nd3+ 22. cxd3 Qg3+ 0-1

[Event "Blues"]
[Site "http://www.queenalice.com/game.php?id=1833147"]
[Date "2024.3.10"]
[Round "-"]
[White "literat108"]
[Black "bobifixer"]
[Result "1-0"]
[WhiteElo "2027"]
[BlackElo "1854"]

1. b4 d5 2. Bb2 Nf6 3. Nf3 g6 4. c4 c6 5. a4 Bg7 6. e3 O-O 7. cxd5 cxd5 8. h3 b6
9. b5 Bb7 10. d4 Nbd7 11. Nbd2 Rc8 12. Bd3 Re8 13. O-O e6 14. a5 bxa5 15. Nb3 h5
16. Rxa5 Qb6 17. Qa1 Bf8 18. Rxa7 Ra8 19. Rxa8 Rxa8 20. Qb1 Ne4 21. Rc1 Nd6 22.
Nc5 Nf6 23. Bxg6 fxg6 24. Qxg6+ Bg7 25. Nxe6 Nde8 26. Nxg7 Nxg7 27. Ng5 Qd8 28.
Qf7+ Kh8 29. Qxb7 Rb8 30. Nf7+ 1-0

[Event "Rock'n'Roll"]
[Site "http://www.queenalice.com/game.php?id=1833148"]
[Date "2024.3.10"]
[Round "-"]
[White "bobifixer"]
[Black "literat108"]
[Result "0-1"]
[WhiteElo "1853"]
[BlackElo "2040"]

1. c4 e5 2. Nc3 Nf6 3. d3 Bb4 4. Bd2 O-O 5. Nf3 Re8 6. g3 a5 7. Bg2 c6 8. O-O h6
9. a3 Bc5 10. Rb1 d5 11. cxd5 cxd5 12. b4 axb4 13. axb4 Bf8 14. b5 Bf5 15. Nh4
Be6 16. Nf3 d4 17. Ne4 Nxe4 18. dxe4 Nd7 19. Bb4 Bxb4 20. Rxb4 Qe7 21. Rb2 Ra3
22. Qc2 Qd6 23. Nd2 Nb6 24. Rc1 Na4 25. Rbb1 Nc3 26. Bf1 Rc8 27. Qb2 Ra2 28. Qb4
Qxb4 29. Rxb4 Nxe2+ 30. Bxe2 Rxc1+ 31. Kg2 Rxd2 32. Bf3 Rdc2 33. b6 Bc4 34. h4
Bf1+ 35. Kh2 Rxf2+ 36. Bg2 Rxg2+ 37. Kh1 Ra2 38. g4 Ba6# 0-1

[Event "Challenge"]
[Site "http://www.queenalice.com/game.php?id=1856744"]
[Date "2025.5.5"]
[Round "-"]
[White "literat108"]
[Black "WoodpusherKid"]
[Result "1-0"]
[WhiteElo "2052"]
[BlackElo "2261"]

1. Nf3 e6 2. c4 d5 3. g3 d4 4. Bg2 Nf6 5. O-O c5 6. e3 Nc6 7. Re1 Bd6 8. Na3 O-O
9. b3 Re8 10. Nb5 e5 11. Nxd6 Qxd6 12. exd4 cxd4 13. d3 h6 14. a3 a5 15. Ra2 Bf5
16. Rae2 Rad8 17. h3 Re7 18. b4 axb4 19. axb4 e4 20. dxe4 Bxe4 21. b5 Bxf3 22.
Bxf3 Ne5 23. Bxb7 d3 24. Re3 Rxb7 25. Rxe5 Qb4 26. Qb3 Qd6 27. Bb2 Qd7 28. Rd1
Qxh3 29. Rxd3 Rbb8 30. Rxd8+ Rxd8 31. Qf3 Ng4 32. Rd5 Qh2+ 33. Kf1 Re8 34. Bc3
g5 35. Qg2 Qh5 36. Kg1 Qg6 37. Qf3 Qh5 38. Rd6 Qh2+ 39. Kf1 Qh3+ 40. Qg2 Qh5 41.
Kg1 f6 42. b6 Qf7 43. Qc6 Qh5 44. Qg2 Qf7 45. b7 Qxc4 46. Qc6 Qe2 47. Rxf6 Qd1+
48. Kg2 Nxf6 49. Qxf6 1-0